| 000 | 00882nam a2200289Ia 4500 | ||
|---|---|---|---|
| 001 | Z_667 | ||
| 003 | CHAP | ||
| 008 | 220113s1989 xx 000 0 und d | ||
| 010 | _a163516 | ||
| 040 | _cCHAP | ||
| 090 | _aTesis T 472 | ||
| 100 |
_aTapia Sánchez, Guillermo _9111657 |
||
| 245 |
_aSelección de hábitat por trece ungulados y un ave conedora en una reserva en el desierto sonorense / _cpor Guillermo Tapia Sánchez |
||
| 260 |
_aChapingo, Méx. : _bEl autor, _c1989 |
||
| 300 | _a62 h. ; ilus. | ||
| 502 | _aTesis (Ing. Agrónomo Esp. en Zootecnia) -- UACH. Departamento de Zootecnia | ||
| 650 |
_aAnimales silvestres _9137680 |
||
| 650 |
_aAnimales _xEfecto del medio ambiente _95860 |
||
| 650 |
_aUngulados _9116164 |
||
| 650 |
_aVenados _9118663 |
||
| 901 | _aTESIS T 472 | ||
| 902 | _aM | ||
| 910 | _a1989 | ||
| 942 | _c2 | ||
| 942 | _c2 | ||
| 999 |
_c163516 _d163516 |
||